Al Fakhri (Record no. 1838)
[ view plain ]
| 000 -LEADER | |
|---|---|
| fixed length control field | 00636nam a2200253 a 4500 |
| 020 ## - INTERNATIONAL STANDARD BOOK NUMBER | |
| ISBN | |
| 082 00 - DEWEY DECIMAL CLASSIFICATION NUMBER | |
| Classification number | 297.1977 |
| Author Cutter | WHI |
| 100 ## - MAIN ENTRY--AUTHOR NAME | |
| Author name | Whitting, C E J |
| 245 ## - TITLE STATEMENT | |
| Title | Al Fakhri |
| Sub title | ON the Systems of Govt and Moslem Dynasties Composed |
| 260 ## - PUBLICATION, DISTRIBUTION, ETC. (IMPRINT) | |
| Place of publication | London |
| Name of publisher | Luzac and Co. |
| Year of publication | 1947 |
| 300 ## - PHYSICAL DESCRIPTION | |
| Number of Pages | 326p |
| 500 ## - GENERAL NOTE | |
| General note | includes index and biblioraphy |
| 505 2# - FORMATTED CONTENTS NOTE | |
| Formatted contents note | Index |
| 650 ## - SUBJECT ADDED ENTRY--TOPICAL TERM | |
| Topical Term | Islam and State |
| 650 ## - SUBJECT ADDED ENTRY--TOPICAL TERM | |
| Topical Term | Al-Fakhri |
| 942 ## - ADDED ENTRY ELEMENTS (KOHA) | |
| Koha item type | Books |
| 700 1# - | |
| -- | Whitting, C E J |
| Collection code | Home library | Current library | Date acquired | Cost, normal purchase price | Full call number | Accession Number | Koha item type |
|---|---|---|---|---|---|---|---|
| Henry Martyn Institute Library | Henry Martyn Institute Library | 09/17/2008 | 100.00 | 297.1977 WHI | 00462 | Books |
